[Event "GCT 2023 - Superbet Chess Classic"]
[Site "Bucarest"]
[Date "12.05.2023"]
[Round "6"]
[White "Vachier Lagrave, Maxime"]
[Black "Rapport, Richard"]
[Result "1/2-1/2"]
[WhiteElo "2741"]
[BlackElo "2745"]
[EventDate "2023.05.04"]

1. e4 e6 2. d4 d5 3. Nc3 Bb4 4. e5 c5 5. a3 Bxc3+ 6. bxc3 Ne7 7. h4 Qc7 8.
h5 h6 9. Rb1 Nbc6 10. f4 Qa5 11. Bd2 c4 12. Qc1 b6 13. Nf3 Bd7 14. g4 O-O-O
15. Bh3 Qa4 16. Qb2 Rdf8 17. Be3 g6 18. Kd2 gxh5 19. gxh5 f5 20. Rbg1 Be8
21. Bf1 Rfg8 22. Be2 Rxg1 23. Nxg1 Rg8 24. Bf3 Kc7 25. Ne2 a5 26. Rb1 Nc8
27. Qa1 Bd7 28. Kd1 N6a7 29. Bc1 Nb5 30. Kd2 Rg7 31. Bb2 Ne7 32. Rg1 Rxg1
33. Nxg1 Be8 34. Nh3 Kd7 35. Nf2 Bf7 36. Qg1 Nxa3 37. Bxa3 Qxa3 38. Qg7 Be8
39. Qxh6 b5 40. Qf8 b4 41. Nd1 b3 42. cxb3 Qa2+ 43. Ke1 Qh2 44. bxc4 Qxf4
45. Be2 Qg3+ 46. Kd2 Qg5+ 47. Ke1 Qg3+ 48. Kd2 Qg5+ 49. Ke1 Qg3+ 1/2-1/2

[Event "GCT 2023 - Superbet Chess Classic"]
[Site "Bucarest"]
[Date "12.05.2023"]
[Round "6"]
[White "Deac, Bogdan-Daniel"]
[Black "Giri, Anish"]
[Result "1/2-1/2"]
[WhiteElo "2700"]
[BlackElo "2768"]
[EventDate "2023.05.04"]

1. e4 c5 2. Nf3 d6 3. d4 cxd4 4. Nxd4 Nf6 5. Nc3 a6 6. Be2 e5 7. Nb3 Be7 8.
O-O O-O 9. Be3 Be6 10. Re1 h6 11. Bf3 a5 12. a4 Na6 13. Re2 b6 14. Rd2 Qb8
15. Nc1 Nc7 16. N1e2 b5 17. axb5 Nxb5 18. Na4 Ra6 19. b3 Ng4 20. Bxg4 Bxg4
21. h3 Be6 22. c4 Nc7 23. Ng3 Qb7 24. Nf5 Bxf5 25. exf5 Rb8 26. Rb1 Qe4 27.
g4 Qc6 28. Nc3 Bg5 29. Bxg5 hxg5 30. Ra2 f6 31. Rba1 Rab6 32. Rb1 Ra6 33.
Rba1 Rab6 34. Rb1 Ra6 1/2-1/2

[Event "GCT 2023 - Superbet Chess Classic"]
[Site "Bucarest"]
[Date "12.05.2023"]
[Round "6"]
[White "Caruana, Fabiano"]
[Black "Firouzja, Alireza"]
[Result "1/2-1/2"]
[WhiteElo "2764"]
[BlackElo "2785"]
[EventDate "2023.05.04"]

1. c4 c6 2. Nf3 d5 3. g3 g6 4. Qa4 dxc4 5. Qxc4 Bg7 6. d4 Be6 7. Qa4 Bd5 8.
Nbd2 Nf6 9. Qc2 Qa5 10. Bg2 c5 11. O-O cxd4 12. b4 Qd8 13. Bb2 O-O 14. Bxd4
Nc6 15. Bc3 Rc8 16. Qb2 a5 17. bxa5 Nxa5 18. Rac1 Nh5 19. Bxg7 Nxg7 20.
Rxc8 Qxc8 21. Rc1 Qd8 22. Ne5 Bxg2 23. Kxg2 Ne6 24. Ndf3 Qd5 25. Rc3 Ra8
26. Rd3 Qc5 27. Rd7 Re8 28. a4 Nc4 29. Nxc4 Qxc4 30. Qb5 Qxb5 31. axb5 Nc5
32. Rc7 b6 33. Ne5 f6 34. Nc4 Na4 35. Ne3 e6 36. Rb7 Rc8 37. Ng4 Rf8 38.
Nh6+ Kh8 39. Nf7+ Kg8 40. Nd6 f5 41. Nc4 Rf7 42. Rb8+ Rf8 43. Rb7 Rf7 44.
Rb8+ Rf8 45. Rb7 1/2-1/2

[Event "GCT 2023 - Superbet Chess Classic"]
[Site "Bucarest"]
[Date "12.05.2023"]
[Round "6"]
[White "Nepomniachtchi, Ian"]
[Black "Duda, Jan-Krzysztof"]
[Result "1/2-1/2"]
[WhiteElo "2795"]
[BlackElo "2724"]
[EventDate "2023.05.04"]

1. e4 e5 2. Nf3 Nf6 3. Nxe5 d6 4. Nf3 Nxe4 5. d4 d5 6. Bd3 Bf5 7. O-O Be7
8. Re1 O-O 9. Nbd2 Nd6 10. Nf1 c6 11. Bf4 Bxd3 12. Qxd3 Na6 13. Qb3 Nc7 14.
Ne3 Qc8 15. Bxd6 Bxd6 16. c4 Bf4 17. cxd5 Bxe3 18. dxc6 Bxf2+ 19. Kxf2 bxc6
20. Qc4 Ne6 21. Rac1 Qd8 22. Kg1 Rc8 23. Kh1 Qd6 24. b4 Rc7 25. a3 Rd8 26.
Re5 h6 27. Rce1 Rcd7 28. R1e4 Qd5 29. Qc2 Qd6 30. Qc4 Qd5 31. Qc1 Qb3 32.
Re3 Qa2 33. Re2 Qb3 34. R2e3 Qa2 35. Re2 Qb3 36. R2e3 1/2-1/2

[Event "GCT 2023 - Superbet Chess Classic"]
[Site "Bucarest"]
[Date "12.05.2023"]
[Round "6"]
[White "Ding, Liren"]
[Black "So, Wesley"]
[Result "1/2-1/2"]
[WhiteElo "2788"]
[BlackElo "2760"]
[EventDate "2023.05.04"]

1. c4 Nf6 2. Nc3 e5 3. e3 Bb4 4. Nge2 O-O 5. a3 Be7 6. d4 exd4 7. Qxd4 Na6
8. Qd1 c6 9. Nf4 Nc7 10. e4 Re8 11. Be2 Bf8 12. Qd3 Qe7 13. f3 Qe5 14. Nh3
d5 15. Bf4 Qe7 16. cxd5 cxd5 17. Nf2 Ne6 18. Be3 d4 19. Bxd4 Rd8 20. Bxf6
Qxf6 21. Ng4 Qg5 22. h4 Qa5 23. Qb5 Qc7 24. Nd5 Qg3+ 25. Kf1 Bd7 26. Qa5
Nd4 27. Rd1 Nxe2 28. Rh3 b6 29. Qa6 Bxg4 30. Rxg3 Nxg3+ 31. Ke1 Be6 32. Qb7
Rdb8 33. Qc7 Nh5 34. g4 Nf6 35. Ne7+ Bxe7 36. Qxe7 Re8 37. Qb7 Reb8 38. Qe7
Re8 39. Qb7 Reb8 40. Qe7 1/2-1/2

[Event "GCT 2023 - Superbet Chess Classic"]
[Site "Bucarest"]
[Date "13.05.2023"]
[Round "7"]
[White "Firouzja, Alireza"]
[Black "Nepomniachtchi, Ian"]
[Result "1-0"]
[WhiteTitle "GM"]
[BlackTitle "GM"]
[WhiteElo "2785"]
[BlackElo "2795"]
[WhiteFideId "12573981"]
[BlackFideId "4168119"]
[EventDate "2023.05.06"]

1. d4 Nf6 2. Nf3 d5 3. e3 c5 4. Be2 Nc6 5. O-O Bg4 6. h3 Bh5 7. dxc5 e6 8. a3
Bxc5 9. b4 Bd6 10. Nbd2 Qe7 11. Bb2 Rd8 12. c4 dxc4 13. Qa4 c3 14. Bxc3 O-O 15.
Nc4 Ne4 16. Bb2 Ng5 17. Nxd6 Bxf3 18. Bxf3 Nxf3+ 19. gxf3 Qxd6 20. Rfd1 Qc7 21.
Rxd8 Rxd8 22. b5 Ne7 23. Qxa7 Nf5 24. Rc1 Qd7 25. Qc5 h6 26. a4 Ra8 27. Qb4 Qd3
28. a5 Qe2 29. a6 Qxf3 30. Qg4 Qd5 31. e4 Qxb5 32. Ba1 Qxa6 33. exf5 Qxa1 34.
Rxa1 Rxa1+ 35. Kg2 exf5 36. Qxf5 Ra6 37. h4 g6 38. Qc8+ Kg7 39. h5 g5 40. Qc4
Re6 41. Qc3+ Kh7 42. Qf3 Kg8 43. Qxb7 Kg7 44. Kg3 Kg8 45. Qd5 Kg7 46. Kg4 Ra6
47. Qc4 Rd6 48. Qc5 Re6 49. Qd4+ Kg8 50. Kf5 Ra6 51. Qc4 Rd6 52. Qc5 Rd3 53. Kf6
Rf3+ 54. Ke7 Rf4 55. Qc8+ Kg7 56. Qf8+ Kh7 57. Qxf7+ 1-0

[Event "GCT 2023 - Superbet Chess Classic"]
[Site "Bucarest"]
[Date "13.05.2023"]
[Round "7"]
[White "So, Wesley"]
[Black "Caruana, Fabiano"]
[Result "1/2-1/2"]
[WhiteTitle "GM"]
[BlackTitle "GM"]
[WhiteElo "2760"]
[BlackElo "2764"]
[WhiteFideId "5202213"]
[BlackFideId "2020009"]
[EventDate "2023.05.06"]

1. d4 Nf6 2. Nf3 d5 3. c4 e6 4. g3 Be7 5. Bg2 O-O 6. O-O dxc4 7. Qc2 a6 8. a4
Bd7 9. Qxc4 Bc6 10. Bg5 Nbd7 11. Nc3 h6 12. Bxf6 Nxf6 13. Rfd1 a5 14. Ne5 Bxg2
15. Kxg2 Bb4 16. e3 c6 17. Qb3 Qe7 18. Na2 Bd6 19. Nc4 Rfd8 20. Rac1 h5 21. Nc3
Bb4 22. Na2 Bd6 23. Nc3 Bb4 24. Na2 Bd6 1/2-1/2

[Event "GCT 2023 - Superbet Chess Classic"]
[Site "Bucarest"]
[Date "13.05.2023"]
[Round "7"]
[White "Rapport, Richard"]
[Black "Deac, Bogdan-Daniel"]
[Result "1/2-1/2"]
[WhiteTitle "GM"]
[BlackTitle "GM"]
[WhiteElo "2745"]
[BlackElo "2700"]
[WhiteFideId "738590"]
[BlackFideId "1226380"]
[EventDate "2023.05.06"]

1. d4 Nf6 2. Bg5 d5 3. e3 c5 4. Bxf6 gxf6 5. Bb5+ Bd7 6. Bxd7+ Nxd7 7. Ne2 e6 8.
O-O cxd4 9. exd4 f5 10. Nd2 Bh6 11. Nf3 Rc8 12. c3 O-O 13. Ne1 Kh8 14. Nd3 Rg8
15. Kh1 Nf6 16. Nef4 Ng4 17. g3 Bf8 18. Qd2 Bd6 19. f3 Nf6 20. a4 Nd7 21. a5 Nb8
22. Rfe1 Nc6 23. b4 Nb8 24. Ne5 Bxe5 25. Rxe5 Rc4 26. Ree1 Nd7 27. a6 b6 28. b5
Qc7 29. Ra3 Rc8 30. Rc1 Qd6 31. Rb3 Nf8 32. Nd3 Ng6 33. Re1 Qc7 34. Qh6 Qd6 35.
Rc1 R4c7 36. Rc2 Kg8 37. Qg5 Kg7 38. Nf4 Qe7 39. Nh5+ Kh8 40. Qh6 Qf8 41. Qe3
Qd6 42. Rb1 Rc4 43. Rbc1 Rb8 44. Rd2 Rbc8 45. Rdc2 Rb8 46. Rd2 Rbc8 47. Rd3 R4c7
48. Re1 Rc4 49. Qd2 Qa3 50. Rc1 Qd6 51. Rf1 Qa3 52. Rc1 Qd6 53. Ra1 Rb8 54. Qg5
Qd8 55. Qh6 Qf8 56. Qg5 Qd8 57. Qc1 Qd6 58. Ra2 Rbc8 59. Re2 Qb4 60. Rc2 Qd6 61.
Re2 Qb4 62. Rc2 Qd6 63. Re2 1/2-1/2

[Event "GCT 2023 - Superbet Chess Classic"]
[Site "Bucarest"]
[Date "13.05.2023"]
[Round "7"]
[White "Giri, Anish"]
[Black "Ding, Liren"]
[Result "1-0"]
[WhiteTitle "GM"]
[BlackTitle "GM"]
[WhiteElo "2768"]
[BlackElo "2788"]
[WhiteFideId "24116068"]
[BlackFideId "8603677"]
[EventDate "2023.05.06"]

1. e4 e5 2. Nf3 Nc6 3. Bc4 Nf6 4. d3 Bc5 5. Bg5 h6 6. Bh4 d6 7. c3 a5 8. Nbd2
Ba7 9. a4 O-O 10. h3 g5 11. Nxg5 hxg5 12. Bxg5 Kg7 13. Qf3 Be6 14. Nf1 Rh8 15.
Ne3 Qe7 16. O-O-O Rag8 17. Rhf1 Nb8 18. d4 exd4 19. cxd4 Nbd7 20. e5 dxe5 21. d5
Qb4 22. Qe2 Bxh3 23. gxh3 Kf8 24. h4 Bd4 25. Rxd4 exd4 26. Nf5 Rxg5 27. hxg5 Ne5
28. Bb5 Nfg4 29. Kb1 Kg8 30. Nh6+ Nxh6 31. Qxe5 Ng4 32. Qxc7 Kg7 33. g6 Rf8 34.
gxf7 d3 35. Rg1 Rxf7 36. Qc3+ 1-0

[Event "GCT 2023 - Superbet Chess Classic"]
[Site "Bucarest"]
[Date "13.05.2023"]
[Round "7"]
[White "Duda, Jan-Krzysztof"]
[Black "Vachier Lagrave, Maxime"]
[Result "1/2-1/2"]
[WhiteTitle "GM"]
[BlackTitle "GM"]
[WhiteElo "2724"]
[BlackElo "2741"]
[WhiteFideId "1170546"]
[BlackFideId "623539"]
[EventDate "2023.05.06"]

1. Nf3 d5 2. c4 dxc4 3. e3 Nf6 4. Bxc4 e6 5. O-O c5 6. Qe2 a6 7. Rd1 b5 8. Bb3
Bb7 9. a4 Nbd7 10. axb5 axb5 11. Rxa8 Qxa8 12. Na3 b4 13. Nc4 Be7 14. d3 Bc6 15.
Bd2 O-O 16. e4 Bb5 17. Be3 Qc6 18. Nfd2 Ra8 19. Rc1 Ne8 20. f4 Nd6 21. Bc2 Ba6
22. e5 Nf5 23. Bf2 Bb7 24. Ne4 Nb6 25. Bb3 Nxc4 26. Bxc4 Qd7 27. h3 Nd4 28. Bxd4
Qxd4+ 29. Qf2 Rd8 30. Re1 Bh4 31. Qxd4 Rxd4 32. Re3 Bxe4 33. Rxe4 Rxe4 34. dxe4
Bg3 35. f5 Kf8 36. fxe6 fxe6 37. Bxe6 b3 38. Bxb3 Bxe5 39. Kf2 Bxb2 40. Ke3 Bc1+
41. Kf2 Bb2 42. Ke3 Bc1+ 43. Kf2 Bb2 1/2-1/2

[Event "GCT 2023 - Superbet Chess Classic"]
[Site "Bucarest"]
[Date "14.05.2023"]
[Round "8"]
[White "Caruana, Fabiano"]
[Black "Giri, Anish"]
[Result "1/2-1/2"]
[WhiteElo "2764"]
[BlackElo "2768"]
[EventDate "2023.05.04"]

1. e4 e5 2. Nf3 Nc6 3. Bc4 Nf6 4. d3 Bc5 5. c3 d6 6. b4 Bb6 7. a4 a5 8. b5
Ne7 9. O-O O-O 10. Nbd2 Ng6 11. d4 h6 12. Re1 Re8 13. Ba3 exd4 14. Qb3 d5
15. exd5 dxc3 16. Rxe8+ Qxe8 17. Re1 Qxe1+ 18. Nxe1 cxd2 19. Nf3 Ne4 20. d6
Nxf2 21. Bxf7+ Kh8 22. Nxd2 Ne4+ 23. Kh1 Nf2+ 24. Kg1 Ne4+ 25. Kh1 Nf2+ 26.
Kg1 1/2-1/2

[Event "GCT 2023 - Superbet Chess Classic"]
[Site "Bucarest"]
[Date "14.05.2023"]
[Round "8"]
[White "Ding, Liren"]
[Black "Rapport, Richard"]
[Result "1/2-1/2"]
[WhiteElo "2788"]
[BlackElo "2745"]
[EventDate "2023.05.04"]

1. e4 e5 2. Nf3 Nc6 3. Bb5 Nf6 4. O-O Nxe4 5. Re1 Nd6 6. Nxe5 Be7 7. Bf1
Nxe5 8. Rxe5 O-O 9. d4 Bf6 10. Re1 Re8 11. c3 Rxe1 12. Qxe1 Ne8 13. Bf4 d5
14. Bd3 g6 15. Nd2 Ng7 16. Qe2 c6 17. Re1 Bf5 18. Bxf5 Nxf5 19. Nf3 Ng7 20.
Be5 Bxe5 21. Nxe5 Qd6 22. Qf3 f6 23. Nd3 Re8 24. Rxe8+ Nxe8 25. h4 Ng7 26.
g3 Kf7 27. Ne5+ Ke7 28. Nd3 Kf7 29. Ne5+ Ke7 30. Nd3 Kf7 1/2-1/2

[Event "GCT 2023 - Superbet Chess Classic"]
[Site "Bucarest"]
[Date "14.05.2023"]
[Round "8"]
[White "Duda, Jan-Krzysztof"]
[Black "Firouzja, Alireza"]
[Result "1-0"]
[WhiteElo "2724"]
[BlackElo "2785"]
[EventDate "2023.05.04"]

1. d4 d5 2. c4 c6 3. Nc3 Nf6 4. cxd5 cxd5 5. Bf4 Nc6 6. e3 Bf5 7. Nf3 e6 8.
Qb3 Bb4 9. Bb5 O-O 10. Bxc6 Bxc3+ 11. Qxc3 Ne4 12. Qa3 bxc6 13. Rc1 g5 14.
Bg3 Rc8 15. Nd2 Nxg3 16. hxg3 Kg7 17. Rc5 Rh8 18. Ra5 Rc7 19. Rxa7 Rxa7 20.
Qxa7 h5 21. b3 h4 22. gxh4 gxh4 23. Nf3 Bg6 24. Rh3 Qa8 25. Qxa8 Rxa8 26.
a4 Bc2 27. Rxh4 Bxb3 28. Rg4+ Kf8 29. Rf4 Ra7 30. a5 Ba4 31. a6 Bb5 32. Ng5
Bxa6 33. Nxe6+ Ke7 34. Ng5 f6 35. Nh7 f5 36. Rxf5 Bd3 37. Re5+ Kd6 38. Ng5
Ra2 39. Nh3 Bc4 40. g4 Re2+ 41. Kd1 Ra2 42. g5 c5 43. g6 Bb3+ 44. Ke1 Ra1+
45. Ke2 Ra2+ 46. Kf3 c4 47. Re8 Ra7 48. Rd8+ 1-0

[Event "GCT 2023 - Superbet Chess Classic"]
[Site "Bucarest"]
[Date "14.05.2023"]
[Round "8"]
[White "Vachier Lagrave, Maxime"]
[Black "Deac, Bogdan-Daniel"]
[Result "1/2-1/2"]
[WhiteElo "2741"]
[BlackElo "2700"]
[EventDate "2023.05.04"]

1. e4 e5 2. Nf3 Nc6 3. Bc4 Bc5 4. c3 Nf6 5. d3 d6 6. O-O a5 7. Re1 Ba7 8.
Na3 h6 9. Nc2 O-O 10. Be3 Ne7 11. d4 Ng6 12. dxe5 dxe5 13. Qxd8 Rxd8 14.
Rad1 Re8 15. Nd2 Nf8 16. f3 Bd7 17. Bf1 Be6 18. Bc4 Bd7 19. Bf1 Be6 20. Bc4
Bd7 21. Bf1 Be6 1/2-1/2

[Event "GCT 2023 - Superbet Chess Classic"]
[Site "Bucarest"]
[Date "15.05.2023"]
[Round "9"]
[White "So, Wesley"]
[Black "Duda, Jan-Krzysztof"]
[Result "1/2-1/2"]
[WhiteElo "2760"]
[BlackElo "2724"]
[EventDate "2023.05.04"]

1. e4 e5 2. Nf3 Nf6 3. Nxe5 d6 4. Nf3 Nxe4 5. Nc3 Nxc3 6. dxc3 Be7 7. Be3
Nd7 8. Qd2 O-O 9. O-O-O Nf6 10. Bd3 c5 11. Rhe1 Be6 12. Kb1 Qa5 13. c4 Qxd2
14. Rxd2 h6 15. Rde2 Rfe8 16. Bd2 Rad8 17. Bc3 Nd7 18. Nd2 Bf6 19. Ne4 Bxc3
20. Nxc3 Ne5 21. f4 Nxd3 22. cxd3 Bd7 23. Rxe8+ Bxe8 24. a3 Bc6 25. g3 Kf8
26. b4 Re8 27. Rf1 a6 28. Kc2 b5 29. Kd2 Rb8 30. cxb5 axb5 31. Rc1 cxb4 32.
axb4 Ra8 33. Rc2 Ke7 34. Ra2 Rxa2+ 35. Nxa2 f5 36. Nc3 Kf6 37. Ke3 Ke6 38.
h3 Kf6 39. Kf2 h5 40. Nd1 Kf7 41. Ne3 Bd7 42. Kf3 Bc6+ 43. Kf2 Bd7 44. Kf3
Bc6+ 45. Kf2 1/2-1/2

[Event "GCT 2023 - Superbet Chess Classic"]
[Site "Bucarest"]
[Date "15.05.2023"]
[Round "9"]
[White "Rapport, Richard"]
[Black "Caruana, Fabiano"]
[Result "1/2-1/2"]
[WhiteElo "2745"]
[BlackElo "2764"]
[EventDate "2023.05.04"]

1. c4 e5 2. Nc3 Nf6 3. Nf3 Nc6 4. e4 Bc5 5. Nxe5 Nxe5 6. d4 Bb4 7. dxe5
Nxe4 8. Qf3 Nxc3 9. bxc3 Ba5 10. Bf4 O-O 11. O-O-O Qe7 12. Kb2 Rb8 13. Qe3
b5 14. c5 b4 15. c4 b3 16. a3 Bb7 17. Qd4 Qe6 18. Bg3 f6 19. Qxd7 Qxd7 20.
Rxd7 Rbd8 21. Rxd8 Rxd8 22. Kxb3 Rd1 23. f3 fxe5 24. Kc2 Ra1 25. Bxe5 Re1
26. Bg3 Ra1 27. Kb2 Rd1 28. Kc2 Ra1 29. Be5 Re1 30. Bg3 Ra1 1/2-1/2

[Event "GCT 2023 - Superbet Chess Classic"]
[Site "Bucarest"]
[Date "15.05.2023"]
[Round "9"]
[White "Firouzja, Alireza"]
[Black "Vachier Lagrave, Maxime"]
[Result "1/2-1/2"]
[WhiteElo "2785"]
[BlackElo "2741"]
[EventDate "2023.05.04"]

1. Nf3 d5 2. d4 Nf6 3. c4 dxc4 4. e3 e6 5. Bxc4 c5 6. O-O a6 7. Re1 Be7 8.
dxc5 Bxc5 9. Qxd8+ Kxd8 10. Bf1 Ke7 11. Nfd2 Bd7 12. a3 Bb5 13. Bxb5 axb5
14. Nb3 Nbd7 15. Nc3 b4 16. Nb5 Ra4 17. Bd2 bxa3 18. bxa3 b6 19. f3 Ne5 20.
Nxc5 bxc5 21. e4 Nc4 22. Bf4 Rha8 23. Red1 R4a5 24. Rab1 Ne8 25. Rdc1 Nxa3
26. Nxa3 Rxa3 27. Rxc5 Ra1 28. Rxa1 Rxa1+ 29. Kf2 Ra2+ 30. Kg1 Ra1+ 31. Kf2
Ra2+ 32. Kg1 Ra1+ 1/2-1/2

[Event "GCT 2023 - Superbet Chess Classic"]
[Site "Bucarest"]
[Date "15.05.2023"]
[Round "9"]
[White "Giri, Anish"]
[Black "Nepomniachtchi, Ian"]
[Result "1/2-1/2"]
[WhiteElo "2768"]
[BlackElo "2795"]
[EventDate "2023.05.04"]

1. e4 c5 2. Nf3 e6 3. d4 cxd4 4. Nxd4 Nf6 5. Nc3 Nc6 6. Ndb5 d6 7. Bf4 e5
8. Bg5 a6 9. Na3 b5 10. Nab1 Be7 11. Bxf6 Bxf6 12. a4 b4 13. Nd5 Be6 14.
Bc4 O-O 15. O-O Bg5 16. Qd3 Kh8 17. Nd2 Bxd2 18. Qxd2 Qa5 19. c3 Qc5 20.
Ba2 bxc3 21. bxc3 Na5 22. Rab1 h6 23. Rb4 Rab8 24. Qd3 Qa7 25. h3 Nb7 26.
a5 Nc5 27. Qe2 Rb5 28. Rxb5 axb5 29. Qxb5 Rb8 30. Qe2 Qxa5 31. Bc4 Qa3 32.
Qf3 Kh7 33. Re1 Qb2 34. Rd1 Ra8 35. Ne3 Ra1 36. Bxe6 fxe6 37. Nc4 Rxd1+ 38.
Qxd1 Qxc3 39. Nxd6 Nd3 40. Ne8 Qd4 41. Qe2 Nf4 42. Qc2 Qa1+ 43. Kh2 Qf1 44.
f3 h5 45. Nd6 Qe1 46. Nb5 h4 47. Nd6 Ne2 48. Qc5 Ng3 49. Qg1 Nf1+ 50. Kh1
Qc1 51. Nb7 Ng3+ 52. Kh2 Qf4 53. Qb1 Kh6 54. Kg1 Qd2 55. Kh2 Ne2 56. Qa1
Qf4+ 57. Kh1 Ng3+ 58. Kg1 Qe3+ 59. Kh2 Qb6 60. Qc1+ Kh7 61. Nc5 Ne2 62. Qe1
Ng3 63. Nd3 Qb5 64. Nf2 Nf1+ 65. Kg1 Ng3 66. Kh2 Nf1+ 67. Kg1 Ng3 68. Kh2
1/2-1/2